Normal view
MARC view
- Edwards, Elizabeth Todd,
Entry Personal Name
001 - CONTROL NUMBER
- control field: 97549
003 - CONTROL NUMBER IDENTIFIER
- control field: NUST
005 - DATE AND TIME OF LATEST TRANSACTION
- control field: 20220817095755.0
008 - FIXED-LENGTH DATA ELEMENTS
- fixed length control field: 220817|| aca||aabn | a|a d
040 ## - CATALOGING SOURCE
- Original cataloging agency: NUST
- Transcribing agency: NUST
100 ## - HEADING--PERSONAL NAME
- Personal name: Edwards, Elizabeth Todd,
- Dates associated with a name: 1813-1888
670 ## - SOURCE DATA FOUND
- Source citation: Work cat.: (NUST)0: Chiaverini, Jennifer, author. 96077, Mrs. Lincoln's sisters :
